000 00556nam a2200181Ia 4500
003 GCL
008 140319s9999 xx 000 0 ara d
040 _aGCL /
_cGCL
082 0 4 _a510.9
_bب س
100 1 _aبلينوس الحكيم
245 1 0 _aسرالخليقة وصنعة الطبيعة كتاب العلل /
_cبلينوس الحكيم
700 1 _aاورسولا واير
300 _a750
490 _aسلسلة العلوم الطبيعية
_v0
650 0 4 _aالعلوم عند العرب
650 0 4 _aالطبيعة
942 _2ddc
_cBK
999 _c44123
_d44123